| 000 | 00867cab a2200217 4500 | ||
|---|---|---|---|
| 001 | ABS48994 | ||
| 008 | 090401t1993 xxu||||| |||| 00| 0 eng d | ||
| 035 | _a(Sirsi) u69388 | ||
| 041 | _aeng | ||
| 100 | _aGould, T.A. | ||
| 245 | _aMarket rent: exploring the twilight zone | ||
| 260 | _c1993 | ||
| 350 | _a0 | ||
| 490 |
_aCanadian Appraiser _v37(2) Summer 1993, 27-30(4) |
||
| 520 | _aTakes a fictional case study as an example of different rent-assessment methods. The objective, hypothetical, market rent approach is contrasted with the subjective review which looks at the particular circumstances of, and parties to, a lease. Such differences in method can lead to apparently inconsistant valuations. (Canadian) | ||
| 650 | _aLEASE RENEWAL | ||
| 650 | _aRENT REVIEW | ||
| 690 | _aLANDLORD AND TENANT-RENT REVIEWS | ||
| 942 | _n0 | ||
| 948 | _c04/03/1997 | ||
| 999 |
_c43582 _d43582 |
||